Giáo trình vi sinh vật đại cương

Nội dung tài liệu gồm 07 chương đề cập về lịch sử phát triển ngành vi sinh vật học, các đặc điểm chung của vi sinh vật, sự phát triển và tăng trưởng của vi sinh vật và ảnh hưởng các điều kiện môi trường lên sự phát triển của chúng,...

Descrición completa

Gardado en:
Detalles Bibliográficos
Autor Principal: Nguyễn Văn Bá (Chủ biên)
Outros autores: Lê Hoàng Lệ Thủy
Formato: Libro
Idioma:Vietnamese
Publicado: Cần Thơ Đại học Cần Thơ 2023
Những chủ đề:
Các nhãn: Engadir etiqueta
Sen Etiquetas, Sexa o primeiro en etiquetar este rexistro!
Thư viện lưu trữ: Thư viện Trường Đại học Nam Cần Thơ
LEADER 01923nam a22002537a 4500
001 NCT_4_001848
008 231006b xxu||||| |||| 00| 0 vie d
999 |c 7953  |d 7953 
020 |a 9786049651373  |c sách tặng 
082 0 4 |2 23rd ed.  |a 579  |b B100 
100 1 |a Nguyễn Văn Bá  |e Chủ biên 
245 1 0 |a Giáo trình vi sinh vật đại cương  |c Nguyễn Văn Bá (Chủ biên); Lê Hoàng Lệ Thủy 
260 |a Cần Thơ  |b Đại học Cần Thơ  |c 2023 
300 |a 83tr.  |b minh họa  |c 28 cm 
520 3 |a Nội dung tài liệu gồm 07 chương đề cập về lịch sử phát triển ngành vi sinh vật học, các đặc điểm chung của vi sinh vật, sự phát triển và tăng trưởng của vi sinh vật và ảnh hưởng các điều kiện môi trường lên sự phát triển của chúng, vi sinh vật nhân sơ, vi sinh vật nhân thật, vi rút, di truyền và biến dị ở vi sinh vật. 
653 |a Công nghệ Kỹ thuật Hóa học 
700 1 |a Lê Hoàng Lệ Thủy 
942 |2 ddc  |c BK 
952 |0 0  |1 0  |2 ddc  |4 0  |6 579_000000000000000_B100  |7 0  |9 28275  |a 000001  |b 000001  |d 2023-10-06  |o 579 B100  |p MD.21976  |r 2023-10-06  |w 2023-10-06  |y BK 
952 |0 0  |1 0  |2 ddc  |4 0  |6 579_000000000000000_B100  |7 0  |9 28276  |a 000001  |b 000001  |d 2023-10-06  |o 579 B100  |p MD.21977  |r 2023-10-06  |w 2023-10-06  |y BK 
952 |0 0  |1 0  |2 ddc  |4 0  |6 579_000000000000000_B100  |7 0  |9 28277  |a 000001  |b 000001  |d 2023-10-06  |o 579 B100  |p MD.21978  |r 2023-10-06  |w 2023-10-06  |y BK 
952 |0 0  |1 0  |2 ddc  |4 0  |6 579_000000000000000_B100  |7 0  |9 28278  |a 000001  |b 000001  |d 2023-10-06  |o 579 B100  |p MD.21979  |r 2023-10-06  |w 2023-10-06  |y BK 
952 |0 0  |1 0  |2 ddc  |4 0  |6 579_000000000000000_B100  |7 0  |9 28279  |a 000001  |b 000001  |d 2023-10-06  |o 579 B100  |p MD.21980  |r 2023-10-06  |w 2023-10-06  |y BK 
980 |a Thư viện Trường Đại học Nam Cần Thơ